| 000 | 00776cam a22002531 4500 | ||
|---|---|---|---|
| 001 | 759814 | ||
| 003 | ARRUPE | ||
| 005 | 20150119140102.0 | ||
| 008 | 710308s1968 nyua b 000 0 eng | ||
| 010 | _a 68025665 | ||
| 040 |
_aDLC _cDLC _dDLC |
||
| 050 | 0 | 0 |
_aQC174.1 _b.S34 1968 |
| 082 | 0 | 0 | _a530.12 |
| 100 | 1 |
_aSchiff, Leonard I. _q(Leonard Isaac), _d1915-1971. _914198 |
|
| 245 | 0 | 0 |
_aQuantum mechanics _c[by] Leonard I. Schiff. |
| 250 | _a3d ed. | ||
| 260 |
_aNew York, _bMcGraw-Hill _c[1968] |
||
| 300 |
_axviii, 544 p. _billus. _c23 cm. |
||
| 490 | 0 | _aInternational series in pure and applied physics | |
| 504 | _aBibliographical footnotes. | ||
| 650 | 0 |
_aQuantum theory. _914199 |
|
| 906 |
_a7 _bcbc _corignew _du _eocip _f19 _gy-gencatlg |
||
| 942 |
_2lcc _cMONOGRAPH |
||
| 999 |
_c121755 _d121755 |
||